[Event "LSKs 6:e int. junior"]
[Site "Malmoe"]
[Date "2000.06.16"]
[Round "1"]
[White "Mach, Petr"]
[Black "Stopa, Jacek"]
[Result "1/2-1/2"]
[WhiteElo "2215"]
[BlackElo "2084"]
[PlyCount "63"]
[EventDate "2000.06.??"]
[Source "Martin Tretvold"]

1. e4 Nf6 2. Nc3 d5 3. exd5 Nxd5 4. Bc4 e6 5. Bxd5 exd5 6. Qe2+ Be7 7. Qe5 Be6
8. Qxg7 Bf6 9. Qg3 Nc6 10. Nf3 Qe7 11. d3 O-O-O 12. Bg5 Bg4+ 13. Ne4 dxe4 14.
Qxg4+ Kb8 15. Bxf6 Qxf6 16. dxe4 Qxb2 17. O-O Qxc2 18. Rfc1 Qa4 19. Qf5 f6 20.
Rab1 Nd4 21. Nxd4 Qxd4 22. g3 Rde8 23. Re1 Qe5 24. Qd7 Re6 25. Rbd1 Rd6 26.
Rxd6 Qxd6 27. Qxd6 cxd6 28. Rc1 Rc8 29. Rxc8+ Kxc8 30. f4 Kd7 31. Kf2 Ke6 32.
g4 1/2-1/2

[Event "LSKs 6:e int. junior"]
[Site "Malmoe"]
[Date "2000.06.16"]
[Round "1"]
[White "Pirklova, Hana"]
[Black "Rasmussen, Allan Stig"]
[Result "0-1"]
[WhiteElo "2076"]
[BlackElo "2164"]
[PlyCount "74"]
[EventDate "2000.06.??"]
[Source "Martin Tretvold"]

1. e4 c6 2. d4 d5 3. e5 Bf5 4. g4 Bg6 5. h4 h5 6. g5 e6 7. Nh3 Be4 8. f3 Bf5 9.
Bd3 Ne7 10. Nc3 g6 11. Ne2 Bxd3 12. Qxd3 Nf5 13. Nhf4 c5 14. c3 Nc6 15. Be3 c4
16. Qd2 b5 17. Kf2 a5 18. Ng3 Nce7 19. Nfe2 Qb6 20. a3 Kd7 21. Kg2 Bg7 22. Nxf5
Nxf5 23. Ng3 Nxg3 24. Kxg3 Rhb8 25. f4 b4 26. axb4 axb4 27. f5 exf5 28. Bf4 Ke6
29. Qg2 bxc3 30. bxc3 Qb3 31. Qf3 Qb2 32. Rac1 Ra2 33. Kh3 Qa3 34. Rb1 Rb3 35.
Rxb3 Qxb3 36. Qe3 Bf8 37. Rh2 Ra3 0-1

[Event "LSKs 6:e int. junior"]
[Site "Malmoe"]
[Date "2000.06.16"]
[Round "1"]
[White "Mansson, Lars"]
[Black "Siegbahn, Patrick"]
[Result "1-0"]
[WhiteElo "2156"]
[BlackElo "2067"]
[PlyCount "78"]
[EventDate "2000.06.??"]
[Source "Martin Tretvold"]

1. e4 c5 2. Nf3 Nc6 3. Bb5 e6 4. O-O Nge7 5. Re1 a6 6. Bf1 Ng6 7. b3 Be7 8. Bb2
Bf6 9. Bxf6 Qxf6 10. c3 d6 11. d4 O-O 12. Na3 b5 13. Nc2 Bb7 14. g3 Rac8 15.
Bg2 Qd8 16. h4 Qa5 17. h5 Nge7 18. d5 Nd8 19. dxe6 Nxe6 20. Qd2 h6 21. Nh4 Qb6
22. Ne3 Rcd8 23. Nhf5 Nxf5 24. Nxf5 Rfe8 25. Rad1 Ng5 26. Qd3 Re6 27. c4 Qc6
28. Qc3 f6 29. f4 Nxe4 30. Rxe4 Rde8 31. Re2 Qd7 32. Rxe6 Qxe6 33. Bxb7 Qxf5
34. Bd5+ Kh8 35. Re1 Rxe1+ 36. Qxe1 Qxh5 37. Kg2 Qg6 38. Qe6 Qc2+ 39. Kh3 Kh7
1-0

[Event "LSKs 6:e int. junior"]
[Site "Malmoe"]
[Date "2000.06.16"]
[Round "1"]
[White "Cherkasova, Evgenia"]
[Black "Kulesza, Mateusz"]
[Result "0-1"]
[WhiteElo "2046"]
[BlackElo "2140"]
[PlyCount "56"]
[EventDate "2000.06.??"]
[Source "Martin Tretvold"]

1. e4 e6 2. d4 d5 3. Nd2 Nf6 4. e5 Nfd7 5. Bd3 c5 6. c3 Nc6 7. Ngf3 Qb6 8. a3
cxd4 9. cxd4 f6 10. O-O Nxd4 11. Nxd4 Qxd4 12. Nf3 Qb6 13. Qa4 f5 14. Be3 Bc5
15. Bxc5 Qxc5 16. Rac1 Qe7 17. Rc7 O-O 18. Rfc1 Qd8 19. Qf4 Nb6 20. Qg3 Rf7 21.
Rxf7 Kxf7 22. Bxf5 exf5 23. Rc7+ Bd7 24. Ng5+ Kg8 25. e6 Rc8 26. Rxc8 Qxc8 27.
h3 Bc6 28. Qh4 h6 0-1

[Event "LSKs 6:e int. junior"]
[Site "Malmoe"]
[Date "2000.06.16"]
[Round "1"]
[White "Cherkasova, Marina"]
[Black "Kyndel Pedersen, Christian"]
[Result "0-1"]
[WhiteElo "2133"]
[BlackElo "2089"]
[PlyCount "96"]
[EventDate "2000.06.??"]
[Source "Martin Tretvold"]

1. e4 c5 2. Nf3 e6 3. d4 cxd4 4. Nxd4 Nf6 5. Nc3 Nc6 6. Ndb5 Bb4 7. Nd6+ Ke7 8.
Nxc8+ Rxc8 9. Bd3 d5 10. exd5 Nxd5 11. Bd2 Bxc3 12. bxc3 Ne5 13. Rb1 b6 14. Rb3
Nc4 15. Bxc4 Rxc4 16. O-O h6 17. Re1 Re8 18. Qf3 Qd6 19. Bc1 Qd7 20. Ba3+ Kd8
21. Rd1 Qc7 22. Rb5 Kc8 23. Rbxd5 exd5 24. Qxd5 Rc6 25. Qf5+ Rce6 26. g3 a6 27.
Rd3 g6 28. Qd5 Qc6 29. c4 Re1+ 30. Kg2 R1e6 31. Kh3 Qxd5 32. cxd5 Re2 33. Rf3
Rxc2 34. Rxf7 Rxa2 35. Bf8 Re5 36. d6 Rf5 37. Rc7+ Kb8 38. Be7 Rd5 39. Rc6 b5
40. Bd8 Rad2 41. Bc7+ Kb7 42. Rb6+ Ka7 43. Rb8 Rxd6 44. Bxd6 Rxd6 45. Re8 b4
46. Re1 b3 47. Kg4 b2 48. Kf4 Rb6 0-1

[Event "LSKs 6:e int. junior"]
[Site "Malmoe"]
[Date "2000.06.16"]
[Round "1"]
[White "Rosell, Tomas"]
[Black "Laksman, Efraim"]
[Result "1-0"]
[WhiteElo "1968"]
[BlackElo "2121"]
[PlyCount "87"]
[EventDate "2000.06.??"]
[Source "Martin Tretvold"]

1. e4 Nf6 2. e5 Nd5 3. d4 d6 4. Nf3 Bg4 5. Be2 c6 6. O-O Bxf3 7. Bxf3 e6 8. c4
Nb6 9. Qb3 dxe5 10. dxe5 N8d7 11. Qc3 Qc7 12. Bf4 Be7 13. Nd2 g5 14. Bg3 h5 15.
h3 O-O-O 16. a4 g4 17. hxg4 hxg4 18. Bxg4 Rdg8 19. Bh3 Bh4 20. Bh2 Kb8 21. Ne4
Be7 22. b4 Nxc4 23. Nf6 Nxf6 24. exf6 Bd6 25. Bxd6 Nxd6 26. Rfe1 Nf5 27. Rad1
Nh4 28. g3 Ng6 29. Bg2 Rh5 30. Re4 Rd5 31. Ree1 Rg5 32. Re4 e5 33. Qf3 Nf4 34.
gxf4 exf4 35. Rde1 Qc8 36. Qxf4+ Ka8 37. Qxg5 Rxg5 38. Re8 Kb8 39. Rxc8+ Kxc8
40. Re7 a5 41. bxa5 Rxa5 42. Rxf7 Rxa4 43. Bh3+ Kb8 44. Re7 1-0

[Event "LSKs 6:e int. junior"]
[Site "Malmoe"]
[Date "2000.06.16"]
[Round "1"]
[White "Janaszak, David"]
[Black "Innab, Schass"]
[Result "1/2-1/2"]
[WhiteElo "2119"]
[BlackElo "1899"]
[PlyCount "71"]
[EventDate "2000.06.??"]
[Source "Martin Tretvold"]

1. e4 e6 2. d4 d5 3. e5 c5 4. c3 Nc6 5. Nf3 Qb6 6. a3 cxd4 7. cxd4 Nge7 8. b4
Nf5 9. Bb2 Bd7 10. g4 Nh6 11. Nc3 Rc8 12. Na4 Qd8 13. g5 Nf5 14. Bd3 Be7 15.
Qd2 Nfxd4 16. Nxd4 Nxd4 17. Bxd4 Bxa4 18. f4 a6 19. O-O Qd7 20. f5 Bb5 21. fxe6
fxe6 22. g6 Bxd3 23. Qxd3 Qc6 24. Qf3 Qc2 25. Qf7+ Kd7 26. Bc5 Rce8 27. Rac1
Qxg6+ 28. Qxg6 Bxc5+ 29. Rxc5 hxg6 30. Rf7+ Re7 31. Rxe7+ Kxe7 32. Rc7+ Kd8 33.
Rxb7 Rh5 34. Rxg7 Rxe5 35. Rxg6 Ke7 36. Kf2 1/2-1/2

[Event "LSKs 6:e int. junior"]
[Site "Malmoe"]
[Date "2000.06.16"]
[Round "1"]
[White "Stahlberg, Adam"]
[Black "Debowiak, Marcin"]
[Result "1/2-1/2"]
[WhiteElo "1857"]
[BlackElo "2114"]
[PlyCount "54"]
[EventDate "2000.06.??"]
[Source "Martin Tretvold"]

1. d4 Nf6 2. Nf3 c5 3. d5 b5 4. c4 Bb7 5. Bg5 Ne4 6. Nc3 Nxg5 7. Nxg5 b4 8.
Nce4 h6 9. Nf3 d6 10. Ng3 g6 11. Qc2 Bg7 12. e4 Nd7 13. Bd3 a5 14. O-O O-O 15.
Rae1 Qb6 16. Nd2 a4 17. f4 Rfb8 18. Ne2 Bc8 19. Nc1 Qc7 20. Nf3 Rb6 21. Qe2 Nf8
22. h3 Ra7 23. f5 e6 24. g4 Qd8 25. Kh1 g5 26. Rf2 a3 27. b3 e5 1/2-1/2

[Event "LSKs 6:e int. junior"]
[Site "Malmoe"]
[Date "2000.06.16"]
[Round "1"]
[White "Olsson, Linus"]
[Black "Stahlberg, David"]
[Result "1-0"]
[WhiteElo "2105"]
[BlackElo "1845"]
[PlyCount "75"]
[EventDate "2000.06.??"]
[Source "Martin Tretvold"]

1. d4 d5 2. c4 Nf6 3. cxd5 Qxd5 4. Nc3 Qd8 5. e4 c6 6. Nf3 e6 7. Bd3 Be7 8. O-O
O-O 9. Bg5 Nbd7 10. Rc1 Nh5 11. Be3 g6 12. e5 Ng7 13. Ne4 Nb6 14. Re1 Nf5 15.
Bg5 Bxg5 16. Nfxg5 Nd5 17. Bc4 Kg7 18. g4 Nh4 19. Nf3 Nf4 20. Nf6 Nh3+ 21. Kf1
Nxf3 22. Qxf3 Ng5 23. Qe3 h6 24. h4 Nh7 25. g5 h5 26. Red1 b6 27. Rd2 Bb7 28.
Ke1 Nxf6 29. gxf6+ Kh7 30. Kd1 Qd7 31. Kc2 a5 32. Kb1 Rfd8 33. Bd3 Ba6 34. Be4
Rac8 35. Qg5 Rh8 36. Rg1 Qe8 37. Qxh5+ Kg8 38. Qg4 1-0

[Event "LSKs 6:e int. junior"]
[Site "Malmoe"]
[Date "2000.06.16"]
[Round "1"]
[White "Tretvold, Martin"]
[Black "Wakeham, Daniel"]
[Result "0-1"]
[WhiteElo "1745"]
[BlackElo "2104"]
[PlyCount "94"]
[EventDate "2000.06.??"]
[Source "Martin Tretvold"]

1. c4 Nf6 2. g3 e6 3. Bg2 d5 4. b3 Be7 5. Nf3 O-O 6. O-O c5 7. Bb2 Qb6 8. d3
Rd8 9. Nbd2 Nc6 10. a3 Bd7 11. Qc2 Rac8 12. e4 Qc7 13. Rfe1 d4 14. Nf1 e5 15.
Bc1 a6 16. Bd2 Ne8 17. Qd1 f6 18. Nh4 Nd6 19. b4 b6 20. Rb1 Rf8 21. Qb3 Be6 22.
Qc2 g6 23. Nf3 Nb7 24. Rb2 cxb4 25. axb4 a5 26. bxa5 bxa5 27. Ra1 Nb4 28. Qb1
f5 29. Ne1 Rb8 30. f4 Nc5 31. Bxb4 axb4 32. exf5 Bxf5 33. Bd5+ Kh8 34. Rf2 exf4
35. Rxf4 Bh3 36. Bg2 Rxf4 37. gxf4 Bf5 38. Ra2 Qxf4 39. Rf2 Qd6 40. Ng3 Bh4 41.
Nf3 Bxg3 42. hxg3 Bxd3 43. Qb2 Bxc4 44. Ng5 b3 45. Rd2 Na4 46. Rxd4 Nxb2 47.
Rxd6 Nd3 0-1

[Event "LSKs 6:e int. junior"]
[Site "Malmoe"]
[Date "2000.06.16"]
[Round "1"]
[White "Stehno, Pavel"]
[Black "Stopa, Pawel"]
[Result "1-0"]
[WhiteElo "2103"]
[BlackElo "1700"]
[PlyCount "43"]
[EventDate "2000.06.??"]
[Source "Martin Tretvold"]

1. e4 d5 2. exd5 Qxd5 3. Nc3 Qa5 4. Nf3 c6 5. d4 Bf5 6. Bc4 e6 7. O-O Qc7 8.
Nh4 Nh6 9. Bxh6 gxh6 10. Nxf5 exf5 11. Re1+ Be7 12. Qh5 Rf8 13. Rad1 Nd7 14. d5
cxd5 15. Nxd5 Qxc4 16. Rxe7+ Kd8 17. Rxd7+ Kxd7 18. Nb6+ Kc7 19. Nxc4 Rad8 20.
f4 Rxd1+ 21. Qxd1 Rd8 22. Qh5 1-0

[Event "LSKs 6:e int. junior"]
[Site "Malmoe"]
[Date "2000.06.17"]
[Round "2"]
[White "Rasmussen, Allan Stig"]
[Black "Stehno, Pavel"]
[Result "1/2-1/2"]
[WhiteElo "2164"]
[BlackElo "2103"]
[PlyCount "123"]
[EventDate "2000.06.??"]
[Source "Martin Tretvold"]

1. e4 d6 2. d3 g6 3. f4 Bg7 4. Be2 c5 5. c3 Nc6 6. Be3 Nf6 7. Nd2 O-O 8. g4 b5
9. a3 e6 10. h4 Qe7 11. d4 cxd4 12. cxd4 e5 13. dxe5 dxe5 14. f5 gxf5 15. gxf5
Nd4 16. Ngf3 Bb7 17. Bxd4 exd4 18. e5 Ng4 19. f6 Bxf6 20. Rg1 Bxh4+ 21. Kf1 Qg5
22. Nxh4 Ne3+ 23. Kf2 Nxd1+ 24. Raxd1 f6 25. Nhf3 Qxg1+ 26. Rxg1+ Kf7 27. e6+
Kxe6 28. Nxd4+ Ke5 29. N2f3+ Bxf3 30. Nxf3+ Kf4 31. Rh1 Rg8 32. Bd3 Rad8 33.
Bxh7 Rg7 34. Rh4+ Rg4 35. Rh6 f5 36. Rf6 Rd5 37. Rf7 a6 38. Ng1 Kg5 39. Nf3+
Kf4 40. Rf8 Rg7 41. Bg8 Rd6 42. Ba2 Rh7 43. Rxf5+ Kxf5 44. Bb1+ Kf4 45. Bxh7 a5
46. Bc2 Rd7 47. Bg6 Rd6 48. Be8 Rd3 49. Ng1 Rb3 50. Ne2+ Ke5 51. Nc1 Rxb2+ 52.
Ke3 Rb1 53. Kd2 Ra1 54. Bxb5 Rxa3 55. Kc2 Rg3 56. Nb3 Kd6 57. Kb2 Kc7 58. Ka3
Kb6 59. Bd7 Kc7 60. Bb5 Rg5 61. Be8 Re5 62. Bf7 1/2-1/2

[Event "LSKs 6:e int. junior"]
[Site "Malmoe"]
[Date "2000.06.17"]
[Round "2"]
[White "Wakeham, Daniel"]
[Black "Mansson, Lars"]
[Result "1/2-1/2"]
[WhiteElo "2104"]
[BlackElo "2156"]
[PlyCount "35"]
[EventDate "2000.06.??"]
[Source "Martin Tretvold"]

1. d4 d5 2. c4 c6 3. cxd5 cxd5 4. Nf3 Nc6 5. Nc3 Nf6 6. Bf4 Ne4 7. e3 Nxc3 8.
bxc3 g6 9. Be2 Bg7 10. O-O O-O 11. c4 dxc4 12. Bxc4 Bg4 13. h3 Bxf3 14. Qxf3 e5
15. dxe5 Bxe5 16. Rad1 Qe7 17. Bxe5 Nxe5 18. Qe4 1/2-1/2

[Event "LSKs 6:e int. junior"]
[Site "Malmoe"]
[Date "2000.06.17"]
[Round "2"]
[White "Kulesza, Mateusz"]
[Black "Rosell, Tomas"]
[Result "1-0"]
[WhiteElo "2140"]
[BlackElo "1968"]
[PlyCount "147"]
[EventDate "2000.06.??"]
[Source "Martin Tretvold"]

1. e4 c5 2. Nc3 Nc6 3. g3 g6 4. Bg2 Bg7 5. d3 d6 6. Be3 e6 7. Qd2 Rb8 8. Nge2
Nd4 9. O-O b5 10. Nd1 b4 11. h3 e5 12. Kh2 Ne7 13. c3 bxc3 14. bxc3 Nxe2 15.
Qxe2 O-O 16. Qd2 Qb6 17. Bh6 Bxh6 18. Qxh6 Ba6 19. c4 Bc8 20. g4 f6 21. f4 exf4
22. Rxf4 Be6 23. Ne3 Qb2 24. Raf1 Qe5 25. Kh1 Kh8 26. R4f3 Ng8 27. Qh4 Kg7 28.
Nd5 Bxd5 29. exd5 Rfe8 30. R3f2 Rb2 31. Rxb2 Qxb2 32. g5 f5 33. Qg3 Qe5 34.
Qxe5+ Rxe5 35. Rb1 Kf7 36. Rb8 Re8 37. Rb7+ Re7 38. Rb5 Re2 39. Ra5 Re7 40. Ra6
Rd7 41. Bf3 Ne7 42. Bd1 Nc8 43. Kg2 Ke7 44. Ba4 Rc7 45. Kf3 Nb6 46. Bc6 Nd7 47.
Bxd7 Kxd7 48. Ke3 Ke7 49. d4 cxd4+ 50. Kxd4 Kd7 51. Ra3 Ke7 52. h4 Kd8 53. h5
Re7 54. hxg6 hxg6 55. Ra6 Rd7 56. c5 dxc5+ 57. Kxc5 Rf7 58. Rd6+ Ke8 59. Rxg6
f4 60. Re6+ Kd7 61. Re2 Rg7 62. Rf2 Rxg5 63. Rxf4 a6 64. Rf7+ Ke8 65. Rf6 Rg2
66. Rxa6 Rc2+ 67. Kd6 Rd2 68. a4 Rd1 69. a5 Rd2 70. Rb6 Ra2 71. a6 Ra5 72. Rb8+
Kf7 73. Rb7+ Kf6 74. a7 1-0

[Event "LSKs 6:e int. junior"]
[Site "Malmoe"]
[Date "2000.06.17"]
[Round "2"]
[White "Kyndel Pedersen, Christian"]
[Black "Olsson, Linus"]
[Result "1/2-1/2"]
[WhiteElo "2089"]
[BlackElo "2105"]
[PlyCount "63"]
[EventDate "2000.06.??"]
[Source "Martin Tretvold"]

1. d4 Nf6 2. c4 c5 3. d5 e6 4. Nc3 exd5 5. cxd5 d6 6. e4 g6 7. Be2 Bg7 8. Nf3
O-O 9. O-O Bg4 10. h3 Bxf3 11. Bxf3 Na6 12. Be2 Nc7 13. a4 Re8 14. Qc2 Rb8 15.
f4 a6 16. a5 b5 17. axb6 Rxb6 18. Bd3 Nb5 19. Rxa6 Nxc3 20. Rxb6 Qxb6 21. e5
Nfxd5 22. Bc4 Qb4 23. Qd3 Nb6 24. Bxf7+ Kxf7 25. bxc3 c4 26. Qf3 Qb5 27. f5
gxf5 28. Qxf5+ Kg8 29. Qf7+ Kh8 30. e6 Rg8 31. Be3 Qd5 32. Bxb6 1/2-1/2

[Event "LSKs 6:e int. junior"]
[Site "Malmoe"]
[Date "2000.06.17"]
[Round "2"]
[White "Innab, Schass"]
[Black "Mach, Petr"]
[Result "1/2-1/2"]
[WhiteElo "1899"]
[BlackElo "2215"]
[PlyCount "68"]
[EventDate "2000.06.??"]
[Source "Martin Tretvold"]

1. e4 c5 2. Nf3 Nc6 3. d4 cxd4 4. Nxd4 Nf6 5. Nc3 e5 6. Ndb5 d6 7. Be3 a6 8.
Na3 b5 9. Nd5 Rb8 10. f3 Nxd5 11. Qxd5 Na5 12. c3 Be6 13. Qd2 Be7 14. Be2 O-O
15. O-O Qc8 16. Rfc1 Qb7 17. Nc2 d5 18. exd5 Bxd5 19. Bf2 Rbc8 20. Nb4 Be6 21.
Rd1 Bxb4 22. cxb4 Nc6 23. a3 Rfd8 24. Qe3 Nd4 25. Qxe5 Rd5 26. Bxd4 Rxe5 27.
Bxe5 Bb3 28. Re1 Qb6+ 29. Kh1 Qf2 30. Bd3 Bd5 31. Re2 Qh4 32. Bc3 Qh5 33. Rae1
f6 34. Re3 Rd8 1/2-1/2

[Event "LSKs 6:e int. junior"]
[Site "Malmoe"]
[Date "2000.06.17"]
[Round "2"]
[White "Debowiak, Marcin"]
[Black "Janaszak, David"]
[Result "1-0"]
[WhiteElo "2114"]
[BlackElo "2119"]
[PlyCount "84"]
[EventDate "2000.06.??"]
[Source "Martin Tretvold"]

1. e4 c5 2. Nf3 e6 3. c3 d6 4. d4 Nd7 5. Bd3 g6 6. O-O Bg7 7. Qe2 Ne7 8. Na3
O-O 9. Nb5 Qb6 10. a4 Qc6 11. Bf4 e5 12. Bg5 f6 13. d5 Qb6 14. Be3 a5 15. Nd2
f5 16. Nc4 Qd8 17. f3 f4 18. Bf2 g5 19. Ncxd6 Rf6 20. Bc4 Kh8 21. h4 Ra6 22.
Nxc8 Nxc8 23. hxg5 Rg6 24. Bh4 h6 25. g4 fxg3 26. Na3 hxg5 27. Bxg3 Raf6 28.
Kg2 Bh6 29. Bb5 Rf4 30. Rh1 Nf6 31. Bxf4 gxf4+ 32. Kf2 Kg7 33. Rag1 Bg5 34. Nc4
Bh4+ 35. Kf1 Nh5 36. Rxg6+ Kxg6 37. Nxe5+ Kf6 38. Ng4+ Kg5 39. Qh2 Ng3+ 40. Kg2
Nxh1 41. Kxh1 Nd6 42. Qh3 Qc8 1-0

[Event "LSKs 6:e int. junior"]
[Site "Malmoe"]
[Date "2000.06.17"]
[Round "2"]
[White "Stopa, Jacek"]
[Black "Stahlberg, Adam"]
[Result "1-0"]
[WhiteElo "2084"]
[BlackElo "1857"]
[PlyCount "51"]
[EventDate "2000.06.??"]
[Source "Martin Tretvold"]

1. e4 c6 2. d4 d5 3. Nc3 dxe4 4. Nxe4 Bf5 5. Ng3 Bg6 6. h4 h6 7. f4 e6 8. h5
Bh7 9. Nf3 Nd7 10. Bd3 Bxd3 11. Qxd3 Qc7 12. Bd2 Bd6 13. Ne5 Bxe5 14. dxe5 Ne7
15. O-O-O Rd8 16. Qa3 Nb6 17. Bb4 Nbc8 18. Rxd8+ Qxd8 19. Rd1 Qc7 20. Ne4 Nd5
21. Bd6 Qb6 22. Bc5 Qc7 23. Qg3 f5 24. exf6 gxf6 25. Qg6+ Qf7 26. Nxf6+ 1-0

[Event "LSKs 6:e int. junior"]
[Site "Malmoe"]
[Date "2000.06.17"]
[Round "2"]
[White "Stahlberg, David"]
[Black "Cherkasova, Marina"]
[Result "1/2-1/2"]
[WhiteElo "1845"]
[BlackElo "2133"]
[PlyCount "79"]
[EventDate "2000.06.??"]
[Source "Martin Tretvold"]

1. d4 Nf6 2. Nf3 g6 3. c3 Bg7 4. Bf4 d6 5. Nbd2 O-O 6. e4 Nbd7 7. Bd3 Nh5 8.
Be3 e5 9. O-O Kh8 10. Qb3 h6 11. g3 Qe8 12. Rfe1 f5 13. exf5 gxf5 14. dxe5 dxe5
15. Nh4 e4 16. Be2 Ne5 17. Qd1 Nf6 18. Nc4 Nxc4 19. Bxc4 Nd7 20. Bd4 Ne5 21.
Bxe5 Bxe5 22. Qd5 Bg7 23. Rad1 Rf6 24. Qd8 Be6 25. Qxe8+ Rxe8 26. Bxe6 Rexe6
27. Rd7 f4 28. Rxc7 e3 29. fxe3 fxe3 30. Ng2 Rb6 31. b3 Rfc6 32. Rxc6 Rxc6 33.
Rxe3 Bxc3 34. Re8+ Kg7 35. Nf4 b5 36. Kg2 Kf7 37. Rb8 a6 38. Rb7+ Ke8 39. Nd5
Bd4 40. Re7+ 1/2-1/2

[Event "LSKs 6:e int. junior"]
[Site "Malmoe"]
[Date "2000.06.17"]
[Round "2"]
[White "Laksman, Efraim"]
[Black "Cherkasova, Evgenia"]
[Result "1/2-1/2"]
[WhiteElo "2121"]
[BlackElo "2046"]
[PlyCount "124"]
[EventDate "2000.06.??"]
[Source "Martin Tretvold"]

1. c3 e5 2. g3 d5 3. d3 f5 4. d4 exd4 5. cxd4 Nc6 6. Nf3 Bd6 7. Nc3 Nf6 8. Bg2
O-O 9. O-O a6 10. Ne5 Ne7 11. Bg5 c6 12. Nd3 Qc7 13. Rc1 Qb6 14. e3 Kh8 15. Na4
Qa7 16. Bxf6 Rxf6 17. Qb3 Be6 18. Nac5 b6 19. Na4 Rb8 20. Qd1 Rff8 21. Qe2 Rfc8
22. Rfe1 c5 23. Nf4 Bf7 24. dxc5 bxc5 25. b3 c4 26. Red1 Ba3 27. Rc2 Rd8 28.
Nc3 cxb3 29. axb3 d4 30. Nb1 Bb4 31. Rxd4 Rxd4 32. exd4 Qxd4 33. Nd2 Qa1+ 34.
Bf1 h6 35. Nc4 a5 36. Ra2 Bxc4 37. bxc4 Qb1 38. Ne6 Bc3 39. c5 Nc6 40. Qc2 Qe1
41. Qxf5 Ne7 42. Qd3 Qxe6 43. Re2 Qf6 44. Rxe7 Qxe7 45. Qxc3 Qa7 46. Bd3 Rc8
47. Bb1 Qxc5 48. Qd3 Qc1+ 49. Kg2 Qc6+ 50. f3 g6 51. Qd2 Kh7 52. Qxa5 Qc1 53.
Be4 Qc4 54. Qb6 Qe2+ 55. Kh3 Qf1+ 56. Kh4 Rg8 57. Qb3 Rg7 58. Qc2 Qa1 59. Kh3
Qf1+ 60. Kh4 Qa1 61. Kh3 Qf6 62. Qc6 Qxc6 1/2-1/2

[Event "LSKs 6:e int. junior"]
[Site "Malmoe"]
[Date "2000.06.17"]
[Round "2"]
[White "Stopa, Pawel"]
[Black "Pirklova, Hana"]
[Result "0-1"]
[WhiteElo "1700"]
[BlackElo "2076"]
[PlyCount "58"]
[EventDate "2000.06.??"]
[Source "Martin Tretvold"]

1. g3 Nf6 2. Bg2 g6 3. d3 Bg7 4. e4 d6 5. Nf3 O-O 6. O-O c5 7. Be3 Nc6 8. c3
Rb8 9. Nbd2 b6 10. a3 Ba6 11. Qc2 Ng4 12. Bf4 e5 13. Bg5 Nf6 14. Rfb1 h6 15.
Be3 d5 16. b4 dxe4 17. Nxe4 Nxe4 18. dxe4 Bd3 19. Qa4 Bxb1 20. Qxc6 Rc8 21. Qb7
Rc7 22. Qa6 Bxe4 23. Qe2 cxb4 24. Rd1 Rd7 25. Rxd7 Qxd7 26. cxb4 Rd8 27. Qf1
Qa4 28. Nd2 Bxg2 29. Qxg2 Qxa3 0-1

[Event "LSKs 6:e int. junior"]
[Site "Malmoe"]
[Date "2000.06.17"]
[Round "2"]
[White "Siegbahn, Patrick"]
[Black "Tretvold, Martin"]
[Result "0-1"]
[WhiteElo "2067"]
[BlackElo "1745"]
[PlyCount "60"]
[EventDate "2000.06.??"]
[Source "Martin Tretvold"]

1. d4 Nf6 2. c4 e6 3. Nc3 Bb4 4. e3 c5 5. Bd3 cxd4 6. exd4 O-O 7. Nf3 d5 8. Bg5
Be7 9. O-O Nbd7 10. c5 a6 11. b4 Qc7 12. Re1 b6 13. Qc2 g6 14. Bh6 Re8 15. Rxe6
fxe6 16. Bxg6 Nf8 17. Bxh7+ N6xh7 18. Ne5 Bg5 19. Bxg5 Nxg5 20. h4 Ngh7 21. g4
bxc5 22. bxc5 Qg7 23. f4 Nf6 24. g5 Nh5 25. f5 exf5 26. Nxd5 Rxe5 27. dxe5 Qxe5
28. Rd1 Qg3+ 29. Kf1 Qf3+ 30. Ke1 Qh1+ 0-1

[Event "LSKs 6:e int. junior"]
[Site "Malmoe"]
[Date "2000.06.17"]
[Round "3"]
[White "Rosell, Tomas"]
[Black "Rasmussen, Allan Stig"]
[Result "0-1"]
[WhiteElo "1968"]
[BlackElo "2164"]
[PlyCount "60"]
[EventDate "2000.06.??"]
[Source "Martin Tretvold"]

1. c4 d6 2. Nc3 f5 3. g3 Nf6 4. Bg2 e5 5. d3 c6 6. e4 g6 7. Rb1 Bg7 8. b4 Be6
9. b5 fxe4 10. bxc6 bxc6 11. Qb3 Nbd7 12. Ba3 Rb8 13. Qa4 Rxb1+ 14. Nxb1 Qb6
15. Nc3 Nc5 16. Bxc5 Qxc5 17. Nxe4 Nxe4 18. Bxe4 O-O 19. Bf3 e4 20. dxe4 Bxc4
21. Qc2 Qa5+ 22. Kd1 Bxa2 23. Be2 Bc3 24. Nf3 Rb8 25. Rg1 Bb3 26. Qxb3+ Rxb3
27. Bc4+ d5 28. Bxb3 Qa1+ 29. Ke2 Qb2+ 30. Kf1 Qxb3 0-1

[Event "LSKs 6:e int. junior"]
[Site "Malmoe"]
[Date "2000.06.17"]
[Round "3"]
[White "Stehno, Pavel"]
[Black "Kulesza, Mateusz"]
[Result "0-1"]
[WhiteElo "2103"]
[BlackElo "2140"]
[PlyCount "104"]
[EventDate "2000.06.??"]
[Source "Martin Tretvold"]

1. e4 e6 2. d4 d5 3. e5 c5 4. c3 Qb6 5. Nf3 Bd7 6. a3 Bb5 7. Bd3 Bxd3 8. Qxd3
Nc6 9. b4 cxd4 10. cxd4 Nge7 11. O-O Nf5 12. Kh1 Ncxd4 13. Nxd4 Nxd4 14. Nc3
Nc6 15. f4 Rc8 16. Be3 Qd8 17. Na4 b6 18. Rac1 Be7 19. Qb5 Qd7 20. Rc2 Bd8 21.
Rfc1 Ne7 22. Nc3 Rc4 23. Qa6 O-O 24. Nb5 Rxc2 25. Rxc2 f6 26. exf6 Rxf6 27.
Nxa7 d4 28. Rd2 Nf5 29. Bg1 Qc7 30. Qc8 Qxa7 31. Qxd8+ Rf8 32. Qg5 Qxa3 33. b5
Qc3 34. Rd1 Qb3 35. Rd2 Qxb5 36. h3 Qb4 37. Rd1 Qb3 38. Ra1 d3 39. Qg4 d2 40.
Rd1 Ne3 41. Bxe3 Qxe3 42. Kh2 Rxf4 43. Qg5 Kf7 44. Ra1 b5 45. Qxb5 Rf5 46. Qb7+
Kg6 47. Qb1 Kh6 48. Qd1 Qf4+ 49. Kh1 Re5 50. Qg1 Qe3 51. Qf1 Qe1 52. Kg1 Qxa1
0-1

[Event "LSKs 6:e int. junior"]
[Site "Malmoe"]
[Date "2000.06.17"]
[Round "3"]
[White "Mansson, Lars"]
[Black "Stopa, Jacek"]
[Result "0-1"]
[WhiteElo "2156"]
[BlackElo "2084"]
[PlyCount "98"]
[EventDate "2000.06.??"]
[Source "Martin Tretvold"]

1. e4 Nf6 2. Nc3 d5 3. e5 Nfd7 4. Nxd5 Nxe5 5. Ne3 g6 6. d4 Ned7 7. Nf3 Bg7 8.
h4 Nf6 9. Bc4 O-O 10. c3 Nbd7 11. Qe2 c5 12. Bd2 cxd4 13. cxd4 Nb6 14. Bb3 Qd6
15. O-O-O Be6 16. Bxe6 Qxe6 17. Kb1 Qe4+ 18. Ka1 Nfd5 19. h5 Nf4 20. Qb5 Nxh5
21. Rxh5 gxh5 22. Nf5 Rfe8 23. Nxg7 Kxg7 24. Qxh5 Qg6 25. Qe5+ f6 26. Qe6 Qh5
27. g4 Qf7 28. Qe3 Rg8 29. g5 Kh8 30. Rh1 Nc4 31. Qb3 Nd6 32. Qe3 Nc4 33. Qb3
Nd6 34. Qe3 Rg7 35. Bc3 Rf8 36. Qe2 fxg5 37. Ne5 Qxf2 38. Qd3 Qf5 39. Qd1 Ne4
40. Be1 a6 41. Rh6 Rd8 42. Qh5 Rxd4 43. Ng6+ Kg8 44. Ne5 Kh8 45. Ng6+ Rxg6 46.
Rxh7+ Kg8 47. Rxe7 Nf6 48. Qe2 Re4 49. Qd3 Rxe1+ 0-1

[Event "LSKs 6:e int. junior"]
[Site "Malmoe"]
[Date "2000.06.17"]
[Round "3"]
[White "Janaszak, David"]
[Black "Kyndel Pedersen, Christian"]
[Result "1/2-1/2"]
[WhiteElo "2119"]
[BlackElo "2089"]
[PlyCount "130"]
[EventDate "2000.06.??"]
[Source "Martin Tretvold"]

1. e4 c6 2. d4 d5 3. Nc3 dxe4 4. Nxe4 Nf6 5. Nxf6+ gxf6 6. Nf3 Bf5 7. g3 e6 8.
Bg2 Nd7 9. O-O Qc7 10. Nh4 Bg6 11. f4 f5 12. c3 Be7 13. Nf3 Bh5 14. b4 a5 15.
bxa5 O-O 16. Qb3 Bxf3 17. Bxf3 Rxa5 18. Bb2 Qb6 19. Rfb1 Qa6 20. c4 b5 21. Be2
bxc4 22. Bxc4 Qa7 23. Re1 Rb8 24. Qc2 Bf6 25. Rad1 Nf8 26. Bb3 c5 27. Qf2 Rc8
28. dxc5 Bxb2 29. Qxb2 Raxc5 30. Qd4 Qb6 31. Re2 R8c7 32. Red2 Rd7 33. Qf2 Rxd2
34. Rxd2 Rc1+ 35. Rd1 Rxd1+ 36. Bxd1 Qd6 37. Bf3 Nd7 38. h4 Nc5 39. Qe3 Qb6 40.
Kg2 Qb5 41. h5 Ne4 42. h6 Qb2+ 43. Qe2 Qa3 44. Bxe4 fxe4 45. Kh3 Qd3 46. Qb2
Kf8 47. Qg7+ Ke7 48. Qxh7 Qf1+ 49. Kh4 Qh1+ 50. Kg5 e3 51. Qd3 e2 52. Qxe2 Qd5+
53. Kg4 Qf5+ 54. Kh4 Qf6+ 55. Kh3 Qxh6+ 56. Kg2 Qh8 57. Kg1 Qd4+ 58. Kg2 Qh8
59. Qc2 Qa8+ 60. Kg1 Qf3 61. Qb3 Qe4 62. a4 Qe1+ 63. Kh2 Qe2+ 64. Kh1 Qf1+ 65.
Kh2 Qe2+ 1/2-1/2